000 00899nam a22002777a 4500
005 20150430142226.0
010 _aENG-112665
020 _a9788120347892
_c525.00
035 _aEN-96197
037 _bDBAD/PUB
082 _a005.265
100 _aMay, Simon
245 0 0 _aWindows 8 for tablets plain & simple /
_cby Simon May
246 _aWindows Eight for tablets
260 _aNew Delhi
_bPHI Learning
_c2014
270 _aM-97, Connaught Circus,
_bNew Delhi
_e110001
300 _axi, 448p. :
_c24cm(pbk)
_bill.
500 _aAt head of title: Microsoft.
500 _a"Microsoft Press" -- Spine.
500 _a'Your easy, colorful, SEE-HOW guide!" --Cover.
500 _aIncludes Index
650 _aMicrosoft Windows (Computer file)
650 _aTablet computers.
650 _aWindows (Computer programs)
942 _2ddc
_cEN
_mMAY
_h005.265
999 _c92876
_d92876